MARC details
| 000 -LEADER |
| fixed length control field |
01160cam a22003257a 4500 |
| 001 - CONTROL NUMBER |
| control field |
14815879 |
| 003 - CONTROL NUMBER IDENTIFIER |
| control field |
OSt |
| 005 - DATE AND TIME OF LATEST TRANSACTION |
| control field |
20250420134813.0 |
| 008 - FIXED-LENGTH DATA ELEMENTS--GENERAL INFORMATION |
| fixed length control field |
070420s2007 nyua 000 0 eng d |
| 010 ## - LIBRARY OF CONGRESS CONTROL NUMBER |
| LC control number |
2007296599 |
| 020 ## - INTERNATIONAL STANDARD BOOK NUMBER |
| International Standard Book Number |
9780470107096 |
| 035 ## - SYSTEM CONTROL NUMBER |
| System control number |
(OCoLC)ocn122258876 |
| 035 ## - SYSTEM CONTROL NUMBER |
| System control number |
(OCoLC)122258876 |
| 040 ## - CATALOGING SOURCE |
| Original cataloging agency |
WLD |
| Transcribing agency |
KCST |
| 042 ## - AUTHENTICATION CODE |
| Authentication code |
lccopycat |
| 050 00 - LIBRARY OF CONGRESS CALL NUMBER |
| Classification number |
TK1081 |
| Item number |
.C53 2007 |
| 082 00 - DEWEY DECIMAL CLASSIFICATION NUMBER |
| Classification number |
621.312134 |
| Edition information |
22 |
| Item number |
Cl El |
| 100 1# - MAIN ENTRY--PERSONAL NAME |
| Personal name |
Clark, R. H. |
| Fuller form of name |
(Robert Harry), |
| Dates associated with a name |
1921-2007. |
| 9 (RLIN) |
4714 |
| 245 10 - TITLE STATEMENT |
| Title |
Elements of tidal-electric engineering / |
| Statement of responsibility, etc. |
Robert H. Clark. |
| 260 ## - PUBLICATION, DISTRIBUTION, ETC. |
| Place of publication, distribution, etc. |
New York : |
| Name of publisher, distributor, etc. |
Wiley-IEEE ; |
| Place of publication, distribution, etc. |
Chichester : |
| Name of publisher, distributor, etc. |
John Wiley [distributor], |
| Date of publication, distribution, etc. |
2007. |
| 300 ## - PHYSICAL DESCRIPTION |
| Extent |
xv, 280 p. : |
| Other physical details |
ill. ; |
| Dimensions |
24 cm. |
| 650 #0 - SUBJECT ADDED ENTRY--TOPICAL TERM |
| Topical term or geographic name entry element |
Water-power. |
| 9 (RLIN) |
4715 |
| 650 #0 - SUBJECT ADDED ENTRY--TOPICAL TERM |
| Topical term or geographic name entry element |
Tidal power. |
| 9 (RLIN) |
4716 |
| 650 #0 - SUBJECT ADDED ENTRY--TOPICAL TERM |
| Topical term or geographic name entry element |
Tidal power-plants. |
| 9 (RLIN) |
4717 |
| 856 41 - ELECTRONIC LOCATION AND ACCESS |
| Materials specified |
Table of contents only |
| Uniform Resource Identifier |
<a href="http://www.loc.gov/catdir/toc/fy0710/2007296599.html">http://www.loc.gov/catdir/toc/fy0710/2007296599.html</a> |
| 856 42 - ELECTRONIC LOCATION AND ACCESS |
| Materials specified |
Contributor biographical information |
| Uniform Resource Identifier |
<a href="http://www.loc.gov/catdir/enhancements/fy0741/2007296599-b.html">http://www.loc.gov/catdir/enhancements/fy0741/2007296599-b.html</a> |
| 856 42 - ELECTRONIC LOCATION AND ACCESS |
| Materials specified |
Publisher description |
| Uniform Resource Identifier |
<a href="http://www.loc.gov/catdir/enhancements/fy0741/2007296599-d.html">http://www.loc.gov/catdir/enhancements/fy0741/2007296599-d.html</a> |
| 942 ## - ADDED ENTRY ELEMENTS (KOHA) |
| Koha item type |
Book |
| 942 ## - ADDED ENTRY ELEMENTS (KOHA) |
| Source of classification or shelving scheme |
Dewey Decimal Classification |